000 00298nam a22001337a 4500
008 171004b xxu||||| |||| 00| 0 eng d
020 _a9780471211877
041 _aeng
080 _24TH
_a159.9
100 _a48
101 _aPSI
245 _aSTATISTICAL REASOONING
_cKING,B.M
942 _2udc
_cBK
999 _c31692
_d31692